00322nam a2200133Ia 4500003000900000008004100009040001300050040001300063100001600076245006100092260002100153300000800174490000600182IT-RoPAU120407s9999 xx 000 0 und d aIT-RoPAU cIT-RoPAU aP. Rouède aDictionnaire moderne Italien Francais e Francais Italien aGarnier Frères c cm v1